00245 a2200121 4500001000700000020001800007040001100025100002500036240002500061245002000086300000800106362000900114163965 a85-89020-03-7 cMagnum aNunes, Lygia Bojunga10aA bolsa amarelalpor10aA bolsa amarela a1350 a2013